| 000 | 00621nam a2200169 4500 | ||
|---|---|---|---|
| 003 | LK-CoMWRAF | ||
| 005 | 20231213212155.0 | ||
| 008 | 231213b |||||||| |||| 00| 0 eng d | ||
| 040 |
_aLK-CoMWRAF _dLK-CoMWRAF _eLK-CoMWRAF |
||
| 041 | _asin | ||
| 082 |
_a305.4 _bKAN |
||
| 245 | _aකාන්තා ප්රඥප්තිය (ශ්රී ලංකා) | ||
| 246 | _aKantha pragnapthiya (Sri Lanka) | ||
| 260 |
_aකොළඹ : _bසෞඛ්ය හා වනිතා කටයුතු අමාත්යාංශය, |
||
| 650 | _aකාන්තා ප්රඥප්තිය | ||
| 942 | _cBK | ||
| 999 |
_c4432 _d4432 |
||